000 00390nam a22001457a 4500
999 _c7658
_d7656
005 20210318114926.0
008 210318b ||||| |||| 00| 0 eng d
082 _a346.066
100 _aAIYAR, A.N.
_96466
245 _aCOMPANY CASES THE CORPORATE LAW WEEKLY [VOL-141]
260 _aCHENNAI
_bCOMPANY LAW INSTITUTE OF INDIA
_c2008
300 _a992,p
650 _aLAW
_95701
942 _cJRL